Представление документа в формате RUSMARC

ПолеНазваниеЗначение
  Тип записи a
  Библиографический уровень m
001 Контрольный номер RU/IS/BASE/173875477
005 Дата корректировки 20180510181437.4
010 Индекс ISBN __
d Цена 6000-00
200 Заглавие и сведения об ответственности 0_
a Заглавие Техника наложения повязок
210 Выходные данные __
a Место издания СПб.
c Издательство Питер
d Дата издания 1994
215 Физическое описание __
a Объем 208с.
c Иллюстрации/тип воспроизводства 217ил.
225 Серия (Журнальная рубрика) __
a Серия (Журнальная рубрика) Практическая медицина
606 Тематические рубрики __
a Основная рубрика медицина
610 Ключевые слова __
a Ключевые слова Хирургия
686 Индексы других классификаций __
a Индекс ББК 54.5
700 Автор _1
a Фамилия Земан
b Имя М.
801 Источник записи _0
a Страна RU
b Организация ЦРБ, Сургут
801 Источник записи _1
a Страна RU
b Организация ЦРБ, Сургут
852 Данные о местонахождении __
j Шифр хранения 54.5
i Авторский знак З-51
p Инвентарный номер 50451
b Сигла хранения 26
901 Тип документа __
t Тип документа m
990 Данные о заказе (DOS) 00
j Количество экземпляров (DOS) 1